An interactive introduction to Mathematical Analysis (Record no. 2519)

MARC details
000 -LEADER
fixed length control field 01352cam a22003254a 4500
001 - CONTROL NUMBER
control field 12742950
003 - CONTROL NUMBER IDENTIFIER
control field OSt
005 - DATE AND TIME OF LATEST TRANSACTION
control field 20191118145416.0
008 - FIXED-LENGTH DATA ELEMENTS--GENERAL INFORMATION
fixed length control field 020416s2003 enka b 001 0 eng
010 ## - LIBRARY OF CONGRESS CONTROL NUMBER
LC control number 2002067418
020 ## - INTERNATIONAL STANDARD BOOK NUMBER
International Standard Book Number 0521815894 (hardback)
020 ## - INTERNATIONAL STANDARD BOOK NUMBER
International Standard Book Number 0521017181 (paperback)
040 ## - CATALOGING SOURCE
Original cataloging agency DLC
Transcribing agency DLC
Modifying agency DLC
042 ## - AUTHENTICATION CODE
Authentication code pcc
050 00 - LIBRARY OF CONGRESS CALL NUMBER
Classification number QA300
Item number .L517 2003
082 00 - DEWEY DECIMAL CLASSIFICATION NUMBER
Classification number 515
Edition number 21
Item number LEW 2003
100 1# - MAIN ENTRY--PERSONAL NAME
Personal name Lewin, Jonathan.
9 (RLIN) 6102
245 13 - TITLE STATEMENT
Title An interactive introduction to Mathematical Analysis
260 ## - PUBLICATION, DISTRIBUTION, ETC. (IMPRINT)
Name of publisher, distributor, etc. Cambridge University Press,
Date of publication, distribution, etc. 2003.
300 ## - PHYSICAL DESCRIPTION
Extent xxxii, 492 p. :
Other physical details ill. ;
Dimensions 26 cm. +
Accompanying material 1 CD-ROM (4 3/4 in.)
504 ## - BIBLIOGRAPHY, ETC. NOTE
Bibliography, etc Includes bibliographical references (p. 480-481) and index.
538 ## - SYSTEM DETAILS NOTE
System details note System requirements for accompanying computer disk: Windows 95, 98, ME, NT 4.0, 2000, and XP.
650 #0 - SUBJECT ADDED ENTRY--TOPICAL TERM
Topical term or geographic name as entry element Mathematical analysis.
9 (RLIN) 2757
856 41 - ELECTRONIC LOCATION AND ACCESS
Materials specified Sample text
Uniform Resource Identifier http://www.loc.gov/catdir/samples/cam033/2002067418.html
856 41 - ELECTRONIC LOCATION AND ACCESS
Materials specified Table of contents
Uniform Resource Identifier http://www.loc.gov/catdir/toc/cam023/2002067418.html
856 42 - ELECTRONIC LOCATION AND ACCESS
Materials specified Publisher description
Uniform Resource Identifier http://www.loc.gov/catdir/description/cam022/2002067418.html
906 ## - LOCAL DATA ELEMENT F, LDF (RLIN)
a 0
b vip
c orignew
d 1
e ocip
f 20
g y-gencatlg
942 ## - ADDED ENTRY ELEMENTS (KOHA)
Source of classification or shelving scheme Dewey Decimal Classification
Koha item type Short Loan
Holdings
Withdrawn status Lost status Source of classification or shelving scheme Damaged status Not for loan Home library Current library Date acquired Source of acquisition Inventory number Total Checkouts Full call number Barcode Date last seen Koha item type
    Dewey Decimal Classification     MUST Main Library MUST Main Library 11/11/2015 Purchase 03/20391   515 LEW 2003 2015-2561 11/11/2015 Short Loan